Le nom des personnages d'A Link to the Past - Statistiques

Statistiques générales
  • Ce quiz a été pris 25 fois
    24 depuis la dernière actualisation
  • Le résultat moyen est 6 sur 25
Statistiques - réponses
Hint Réponse % Correct
Le héros Link
100%
La princesse en détresse Zelda
100%
Le grand méchant Ganon
83%
Il vend les palmes Roi Zora
39%
Un vil sorcier Agahnim
28%
Singe qui aime les rubis Kiki
22%
Il a été assassiné Roi d'Hyrule
22%
Un vieillard qui maîtrise la télépathie Sahasrahla
22%
Vit dans une fontaine Grande Fée
17%
Enfermées dans des cristaux Jeunes Filles
17%
Celui qui veille sur le héros Oncle de Link
17%
Ils ont scellé le méchant Sept Sages
17%
La reine des fées Vénus
17%
Un enfant au contact des animaux Flûtiste
11%
Le prêtre Maître du Sanctuaire
11%
Vieille sorcière Syrup
11%
Frère du vieillard habillé en jaune Aginah
6%
Des voleurs Bandit
6%
Un voleur qui reste dans le désert Bandit du Désert
6%
Ils scient un arbre Bûcherons Jumeaux
6%
L'un a été transformé en grenouille Forgerons Nains
6%
Un gamin dans les montagne Petite Peste
6%
Le frère fainéant des deux du-dessus Q. Cogne
6%
Ils ont été corrompus par le sorcier Soldat
6%
Un vieillard égaré dans la montagne Vieil Homme Perdu
6%
Aucun quiz correspondant
Distribution des résultats
% des personnes avec chaque résultat
Percentile par nombre de réponses
Votre historique - résultats
Vous n’avez pas pris ce quiz depuis la dernière actualisation